[Event "Portueguese Mini Tournament"]
[Site "SchemingMind.com"]
[Date "2005.09.19"]
[Round "-"]
[White "rabbit"]
[Black "minkerwink"]
[Result "1-0"]
[WhiteCountry "USA"]
[BlackCountry "BEL"]
[WhiteElo "2016"]
[WhiteRD "78"]
[BlackElo "1633"]
[BlackRD "89"]
[GameID "25112"]

1. e4 e5 2. Bb5 Nf6 3. Nf3 Nc6 4. O-O Nxe4 5. Re1 Nd6 6. Nxe5 Nxe5 7. Rxe5+ Be7 8. Nc3 O-O 9. Bd3 Bf6 10. Re3 Bd4
11. Rh3 g6 12. Qg4 Bg7 13. Re3 Nf5 14. Bxf5 gxf5 15. Qxf5 d5 16. Qxd5 c6 17. Qxd8 Rxd8 18. d3 Bf5 19. Rg3 Kf8 20. Bg5 Rd6
21. Be7+ Kxe7 22. Rxg7 Bg6 23. Ne4 Rdd8 24. f4 Kf8 25. Rxg6 hxg6 26. g4 Rd5 27. Re1 Re8 28. Kf2 f5 29. gxf5 gxf5 30. Ng5 Rxe1
31. Kxe1 Ke7 32. Nf3 Ra5 33. a3 c5 34. Kd2 Rb5 35. Kc3 Rb6 36. h4 Kf6 37. h5 Kg7 38. d4 cxd4+ 39. Nxd4 Rf6 40. Ne2 Kh6
41. Ng3 Kg7 42. Kd4 Kh6 43. Ke5 Rb6 44. b3
1-0

[Event "Portueguese Mini Tournament"]
[Site "SchemingMind.com"]
[Date "2005.09.19"]
[Round "-"]
[White "AlekhineKid"]
[Black "rabbit"]
[Result "0-1"]
[WhiteCountry "USA"]
[BlackCountry "USA"]
[WhiteElo "1691"]
[WhiteRD "77"]
[BlackElo "1975"]
[BlackRD "75"]
[GameID "25113"]

1. e4 e5 2. Bb5 Nf6 3. d4 a6 4. dxe5 axb5 5. exf6 Qxf6 6. Nf3 Nc6 7. Nc3 Bb4 8. Bd2 O-O 9. O-O Bxc3 10. Bxc3 Qg6
11. Re1 b4 12. Bd4 d6 13. Qd3 Bg4 14. c3 Ra4 15. Nh4 Qg5 16. Nf5 Rfa8
0-1

[Event "Portueguese Mini Tournament"]
[Site "SchemingMind.com"]
[Date "2005.09.19"]
[Round "-"]
[White "sythymesnos"]
[Black "rabbit"]
[Result "0-1"]
[WhiteCountry "FRA"]
[BlackCountry "USA"]
[WhiteElo "1648"]
[WhiteRD "93"]
[BlackElo "1918"]
[BlackRD "74"]
[GameID "25114"]

1. e4 e5 2. Bb5 Nf6 3. Nc3 c6 4. Ba4 b5 5. Bb3 d5 6. exd5 b4 7. Nce2 cxd5 8. Nf3 Bd6 9. O-O e4 10. Nfd4 O-O
11. d3 Qc7 12. h3 Ba6 13. Nf5 Nc6 14. Re1 Be5 15. dxe4 dxe4 16. Neg3 Rad8 17. Bd2 Bxb2 18. Rb1 Bc3 19. Nxe4 Nxe4 20. Rxe4 Rxd2
21. Qg4 Bc8 22. Qf3 Bxf5 23. Qxf5 Nd4
0-1

[Event "Portueguese Mini Tournament"]
[Site "SchemingMind.com"]
[Date "2005.09.19"]
[Round "-"]
[White "Oskyrain"]
[Black "rabbit"]
[Result "0-1"]
[WhiteCountry "ARG"]
[BlackCountry "USA"]
[WhiteElo "2108"]
[WhiteRD "83"]
[BlackElo "1975"]
[BlackRD "75"]
[GameID "25115"]

1. e4 e5 2. Bb5 Nf6 3. Nc3 c6 4. Bc4 d5 5. exd5 cxd5 6. Bb5+ Bd7 7. Qe2 Bd6 8. Bxd7+ Nbxd7 9. Nb5 Qb6 10. Nxd6+ Qxd6
11. Nf3 O-O 12. d3 e4 13. dxe4 dxe4 14. Ng5 h6 15. Nh3 Rfc8 16. O-O Qc7 17. c3 Ne5 18. Be3 Rd8 19. Rfd1 Rac8 20. Nf4 Nc4
21. Re1 Nxe3 22. Qxe3 Qa5 23. h3 Rd7 24. b4 Qa4 25. Ne2 Rd3 26. Nf4 Rxe3
0-1

[Event "Portueguese Mini Tournament"]
[Site "SchemingMind.com"]
[Date "2005.09.19"]
[Round "-"]
[White "JPT"]
[Black "rabbit"]
[Result "0-1"]
[WhiteCountry "INT"]
[BlackCountry "USA"]
[WhiteElo "1759"]
[WhiteRD "83"]
[BlackElo "1918"]
[BlackRD "74"]
[GameID "25116"]

1. e4 e5 2. Bb5 Nf6 3. d4 Nc6 4. d5 Nd4 5. Bd3 c6 6. c3 Nb5 7. Nf3 Nd6 8. dxc6 Ndxe4 9. Bxe4 Nxe4 10. cxd7+ Bxd7
11. Nxe5 Bd6 12. Nxd7 Qxd7 13. Qf3 O-O 14. O-O Rae8 15. Be3 Qb5 16. b3 Bxh2+ 17. Kxh2 Qxf1 18. Bd4 Re6 19. Bxg7 Kxg7 20. Qg4+ Kh8
0-1

[Event "Portueguese Mini Tournament"]
[Site "SchemingMind.com"]
[Date "2005.09.19"]
[Round "-"]
[White "winkel"]
[Black "rabbit"]
[Result "0-1"]
[WhiteCountry "DEN"]
[BlackCountry "USA"]
[WhiteElo "2107"]
[WhiteRD "75"]
[BlackElo "1918"]
[BlackRD "74"]
[GameID "25117"]

1. e4 e5 2. Bb5 Nf6 3. d4 a6 4. dxe5 axb5 5. exf6 Qxf6 6. Nc3 c6 7. Nf3 b4 8. Ne2 Bc5 9. e5 Qg6 10. O-O d5
11. exd6 O-O 12. Re1 Bxd6 13. Nf4 Bxf4 14. Bxf4 Bg4 15. g3 Nd7 16. Nh4 Qh5 17. Qd2 Rfe8 18. Ng2 Qb5 19. f3 Bh3 20. Rxe8+ Rxe8
21. Qxd7 Qc5+ 22. Kh1 Bxd7
0-1

[Event "Portueguese Mini Tournament"]
[Site "SchemingMind.com"]
[Date "2005.09.19"]
[Round "-"]
[White "minkerwink"]
[Black "rabbit"]
[Result "0-1"]
[WhiteCountry "BEL"]
[BlackCountry "USA"]
[WhiteElo "1681"]
[WhiteRD "120"]
[BlackElo "1918"]
[BlackRD "74"]
[GameID "25118"]

1. e4 e5 2. Bb5 Nf6 3. d4 a6 4. dxe5 axb5 5. exf6 Qxf6 6. Nc3 c6 7. Nf3 b4 8. e5 Qg6 9. Ne2 Qxg2 10. Ng3 d5
11. h3 Bc5 12. Qe2 b3 13. Rh2 Bxf2+ 14. Kd1 Qxg3 15. Rxf2 Rxa2 16. Rb1 Bxh3 17. Ng5 Qg1+ 18. Rf1 Bxf1
0-1